Famous Playwrights Quiz Stats

 Plays Quiz Updated Feb 15, 2019

     
Support Sporcle.
Go Orange.
Score 0/16 Timer 05:00
0 Plays Today
Play Playwright % Correct
HamletWilliam Shakespeare
97.2%
Death of a SalesmanArthur Miller
75.5%
The Importance of Being EarnestOscar Wilde
73.6%
The Glass MenagerieTennessee Williams
66.9%
PygmalionGeorge Bernard Shaw
55.6%
A Doll's HouseHenrik Ibsen
54.5%
Waiting for GodotSamuel Beckett
49.8%
Oedipus Rex (Oedipus the King)Sophocles
47.5%
Play Playwright % Correct
The SeagullAnton Chekhov
40.9%
TartuffeMolière
40.4%
Our TownThornton Wilder
32.9%
The Threepenny OperaBertolt Brecht
30.1%
Who's Afraid of Virginia Woolf?Edward Albee
29.5%
Barefoot in the ParkNeil Simon
27.3%
FencesAugust Wilson
21.4%
A Raisin in the SunLorraine Hansberry
20.5%

From the Vault

Sunday Crossword: It's All Greek to Me

by Jibby

*Knowledge of the Greek language not required.
Remove Ads.
Support Sporcle.
Get the best of Sporcle when you Go Orange. This ad-free experience offers more features, more stats, and more fun while also helping to support Sporcle. Thank you for becoming a member.

Show Comments

Extras

Top Quizzes Today


Score Distribution

Your Account Isn't Verified!

In order to create a playlist on Sporcle, you need to verify the email address you used during registration. Go to your Sporcle Settings to finish the process.

Report this User

Report this user for behavior that violates our Community Guidelines.

Details: